[Event "2. Bundesliga Mitte 2016/2017"]
[Site "Leoben, Wolfsberg/Taufkirchen/Fuerstenfeld, Grieskirchen, St. Veit"]
[Date "2017.01.27"]
[Round "6"]
[Board "4"]
[White "Moser, Guenter"]
[Black "Tomazini, Zan"]
[Result "0-1"]
[WhiteElo "2302"]
[BlackElo "2389"]
[PlyCount "102"]
[EventDate "2016.10.07"]
[EventType "team"]
[EventRounds "11"]
[EventCountry "AUT"]
[WhiteTeam "Union Ansfelden"]
[BlackTeam "SC MPOE Maria Saal 2"]

1. d4 Nf6 2. c4 Nc6 3. Nf3 e6 4. a3 d6 5. Nc3 g6 6. e4 Bg7 7. Be2 O-O 8. O-O
Re8 9. h3 e5 10. dxe5 dxe5 11. Be3 Nh5 12. Qxd8 Nxd8 13. Rfd1 Nf4 14. Bf1 Nfe6
15. b4 Nc6 16. Ra2 Ncd4 17. Rad2 Nxf3+ 18. gxf3 f5 19. Rd3 c6 20. Ne2 Bf8 21.
Bc1 a5 22. c5 axb4 23. axb4 Ra4 24. Rb3 Ra1 25. Rbd3 Rb1 26. exf5 gxf5 27. Ba3
Rxd1 28. Rxd1 Ng5 29. f4 Nf3+ 30. Kh1 e4 31. Bb2 Be6 32. Bg2 Nh4 33. Rg1 Kf7
34. Be5 Ng6 35. Nd4 Bh6 36. b5 Bxf4 37. Bxf4 Nxf4 38. bxc6 bxc6 39. Rb1 Kf6 40.
Bf1 Bd5 41. Kh2 Ke5 42. Nc2 Ra8 43. Nb4 Ra5 44. Rc1 Ra3 45. h4 Rb3 46. Nxd5
Nxd5 47. Bc4 Rc3 48. Rxc3 Nxc3 49. Bg8 h6 50. Bb3 Kd4 51. f4 Nd5 0-1

[Event "2. Bundesliga Mitte 2016/2017"]
[Site "Leoben, Wolfsberg/Taufkirchen/Fuerstenfeld, Grieskirchen, St. Veit"]
[Date "2017.01.27"]
[Round "6"]
[Board "5"]
[White "Rieger, Robert"]
[Black "Mostbauer, Maximilian"]
[Result "1-0"]
[WhiteElo "2320"]
[BlackElo "2102"]
[PlyCount "73"]
[EventDate "2016.10.07"]
[EventType "team"]
[EventRounds "11"]
[EventCountry "AUT"]
[WhiteTeam "SC MPOE Maria Saal 2"]
[BlackTeam "Union Ansfelden"]

1. b3 Nf6 2. e3 g6 3. Bb2 Bg7 4. f4 d6 5. Nf3 O-O 6. Be2 e5 7. fxe5 Ng4 8. O-O
Nc6 9. Nc3 Ngxe5 10. Nxe5 Bxe5 11. d4 Bg7 12. Bf3 f5 13. Nd5 Ne7 14. Nf4 Kh8
15. c4 Ng8 16. e4 c6 17. Qc2 Qg5 18. g3 fxe4 19. Bxe4 Bf5 20. Rae1 Rae8 21.
Bxf5 Rxe1 22. Rxe1 Qxf5 23. Qxf5 Rxf5 24. Re6 Rf6 25. Re8 Rf7 26. Rd8 c5 27.
Rxd6 Bxd4+ 28. Rxd4 cxd4 29. Bxd4+ Nf6 30. Nd5 Kg8 31. Bxf6 a6 32. Kf2 b5 33.
Ke3 bxc4 34. bxc4 Rb7 35. c5 Kf7 36. c6 Rb8 37. c7 1-0

[Event "2. Bundesliga Mitte 2016/2017"]
[Site "Leoben, Wolfsberg/Taufkirchen/Fuerstenfeld, Grieskirchen, St. Veit"]
[Date "2017.01.27"]
[Round "6"]
[Board "6"]
[White "Mostbauer, Florian"]
[Black "Tomazini, Aljosa"]
[Result "1/2-1/2"]
[WhiteElo "2283"]
[BlackElo "2387"]
[PlyCount "115"]
[EventDate "2016.10.07"]
[EventType "team"]
[EventRounds "11"]
[EventCountry "AUT"]
[WhiteTeam "Union Ansfelden"]
[BlackTeam "SC MPOE Maria Saal 2"]

1. d4 Nf6 2. Bf4 g6 3. e3 Bg7 4. Be2 d6 5. Nf3 c5 6. c3 Nbd7 7. h3 O-O 8. O-O
b6 9. a4 a6 10. Bh2 Bb7 11. Nbd2 Rc8 12. Qb3 Rc7 13. Rfc1 Qa8 14. Nc4 Bd5 15.
Qd1 Rfc8 16. Qf1 cxd4 17. cxd4 Qb7 18. b4 Nb8 19. Nfd2 Ne4 20. Nxe4 Bxe4 21. f3
Bd5 22. Bg3 Bh6 23. Bf2 Bxc4 24. Bxc4 d5 25. Bd3 Rc3 26. Rxc3 Rxc3 27. f4 Qc8
28. Qd1 e6 29. Be1 Rc7 30. Bd2 Bf8 31. b5 a5 32. Rc1 Rxc1 33. Qxc1 Qxc1+ 34.
Bxc1 f5 35. Bd2 Nd7 36. Be1 Be7 37. Kf1 Kf7 38. Ke2 h6 39. Bf2 Nf6 40. Bh4 Ne8
41. Be1 Kf6 42. Bh4+ g5 43. fxg5+ hxg5 44. Bg3 Kg6 45. Kf3 Kh5 46. Bf2 Nf6 47.
g4+ fxg4+ 48. hxg4+ Nxg4 49. Bg6+ Kxg6 50. Kxg4 Bd6 51. Bg1 Kf6 52. Bf2 Bc7 53.
Bg1 e5 54. Bf2 e4 55. Bg1 Bd6 56. Bf2 Bh2 57. Kh3 Bb8 58. Kg4 1/2-1/2

[Event "2. Bundesliga Mitte 2016/2017"]
[Site "Leoben, Wolfsberg/Taufkirchen/Fuerstenfeld, Grieskirchen, St. Veit"]
[Date "2017.01.28"]
[Round "7"]
[Board "1"]
[White "Branding, Volker"]
[Black "Fahrner, Kurt"]
[Result "0-1"]
[WhiteElo "2167"]
[BlackElo "2276"]
[PlyCount "152"]
[EventDate "2016.10.07"]
[EventType "team"]
[EventRounds "11"]
[EventCountry "AUT"]
[WhiteTeam "SV Gmunden"]
[BlackTeam "ESV Austria Graz"]

1. e4 e6 2. d4 d5 3. Nc3 dxe4 4. Nxe4 Bd7 5. Nf3 Bc6 6. Bd3 Nd7 7. O-O Ngf6 8.
Ng3 g6 9. Bg5 h6 10. Bd2 Bg7 11. Qe2 O-O 12. Rad1 a6 13. c4 b5 14. Ne5 Nxe5 15.
dxe5 bxc4 16. Bxc4 Nd5 17. Rfe1 a5 18. Qg4 Qe7 19. Bd3 Rfb8 20. Bc1 Rb4 21. Qe2
Qh4 22. Qc2 Bb5 23. Bxb5 Rxb5 24. Re4 Qe7 25. a3 Nb6 26. Be3 Rb8 27. f4 Nd5 28.
Bc1 Qc5+ 29. Qxc5 Rxc5 30. Ne2 Bf8 31. Rdd4 Rb3 32. Kf1 Kg7 33. Ke1 Rxc1+ 34.
Nxc1 Rxb2 35. Re2 Rb1 36. Kd2 Bxa3 37. Nd3 c5 38. Rc4 Bb4+ 39. Kc2 Ra1 40. Kb2
Rf1 41. g3 Nb6 42. Rc1 Rf3 43. Kc2 c4 44. Nb2 a4 45. Kb1 c3 46. Nd1 Nd5 47. Ra2
a3 48. Kc2 Bf8 49. Kb1 Nb4 50. Rf2 Rxf2 51. Nxf2 c2+ 52. Rxc2 Nxc2 53. Kxc2 g5
54. fxg5 hxg5 55. h4 gxh4 56. gxh4 Kg6 57. Ne4 Bg7 58. Kb3 Bxe5 59. Kxa3 Kf5
60. Ng5 f6 61. Nf7 Kg4 62. Nd8 Bd6+ 63. Kb3 e5 64. Kc4 e4 65. h5 Kxh5 66. Kd4
f5 67. Nb7 Bb4 68. Nd8 Kg4 69. Ne6 Be7 70. Ke3 Bg5+ 71. Kd4 e3 72. Nxg5 Kxg5
73. Kxe3 Kg4 74. Ke2 Kg3 75. Kf1 Kf3 76. Kg1 Ke2 0-1

[Event "2. Bundesliga Mitte 2016/2017"]
[Site "Leoben, Wolfsberg/Taufkirchen/Fuerstenfeld, Grieskirchen, St. Veit"]
[Date "2017.01.28"]
[Round "7"]
[Board "2"]
[White "Karner, Christoph"]
[Black "Rolletschek, Heinrich"]
[Result "1/2-1/2"]
[WhiteElo "2283"]
[BlackElo "2170"]
[PlyCount "65"]
[EventDate "2016.10.07"]
[EventType "team"]
[EventRounds "11"]
[EventCountry "AUT"]
[WhiteTeam "ESV Austria Graz"]
[BlackTeam "SV Gmunden"]

1. d4 f5 2. Nc3 d5 3. Bf4 Nf6 4. e3 a6 5. Bd3 e6 6. h3 c5 7. g4 Nc6 8. Nf3 c4
9. Be2 Ne4 10. Nxe4 fxe4 11. Ne5 Bd7 12. c3 Be7 13. b3 b5 14. bxc4 bxc4 15.
Nxd7 Qxd7 16. Qa4 Bd6 17. Bxd6 Qxd6 18. Rb1 Qc7 19. O-O O-O 20. Kg2 Ne7 21. Qb4
Ng6 22. Qb7 Nh4+ 23. Kg1 Qd8 24. Qc6 Qf6 25. Qd6 Qg6 26. Qg3 Nf3+ 27. Bxf3 Rxf3
28. Rb8+ Rxb8 29. Qxb8+ Rf8 30. Qg3 Rf3 31. Qb8+ Rf8 32. Qg3 Rf3 33. Qb8+
 1/2-1/2

[Event "2. Bundesliga Mitte 2016/2017"]
[Site "Leoben, Wolfsberg/Taufkirchen/Fuerstenfeld, Grieskirchen, St. Veit"]
[Date "2017.01.28"]
[Round "7"]
[Board "3"]
[White "Mittermayr, Gerhard"]
[Black "Kotz, Heinz Peter"]
[Result "0-1"]
[WhiteElo "2092"]
[BlackElo "2267"]
[PlyCount "86"]
[EventDate "2016.10.07"]
[EventType "team"]
[EventRounds "11"]
[EventCountry "AUT"]
[WhiteTeam "SV Gmunden"]
[BlackTeam "ESV Austria Graz"]

1. e4 e5 2. Nf3 Nc6 3. Bb5 a6 4. Ba4 Nf6 5. O-O Nxe4 6. d4 b5 7. Bb3 d5 8. dxe5
Be6 9. c3 Bc5 10. Nbd2 O-O 11. Qe2 Bf5 12. Nxe4 dxe4 13. Ng5 Nxe5 14. Nxe4 Bg4
15. Qd2 Bb6 16. Qf4 Qe7 17. Qg3 Kh8 18. Bf4 Ng6 19. Ng5 Bf5 20. Rfe1 Qf6 21.
Be3 Bxe3 22. Rxe3 h6 23. Nf3 c5 24. Rae1 c4 25. Bd1 Rfd8 26. h4 Bd3 27. h5 Nf4
28. Ne5 Rd5 29. Bf3 Rd6 30. Ng4 Qg5 31. Rxd3 cxd3 32. Re4 d2 33. Bd1 Re6 34.
Qxf4 Qxf4 35. Rxf4 Re1+ 36. Kh2 Rxd1 37. Rd4 Re8 38. Ne3 Ra1 39. Rxd2 Rxa2 40.
Rd7 Rxb2 41. Rxf7 Re5 42. Kg3 Rxh5 43. f4 Rc5 0-1

[Event "2. Bundesliga Mitte 2016/2017"]
[Site "Leoben, Wolfsberg/Taufkirchen/Fuerstenfeld, Grieskirchen, St. Veit"]
[Date "2017.01.28"]
[Round "7"]
[Board "4"]
[White "Spindelboeck, Gernot"]
[Black "Haas, Michael"]
[Result "1/2-1/2"]
[WhiteElo "2296"]
[BlackElo "2046"]
[PlyCount "98"]
[EventDate "2016.10.07"]
[EventType "team"]
[EventRounds "11"]
[EventCountry "AUT"]
[WhiteTeam "ESV Austria Graz"]
[BlackTeam "SV Gmunden"]

1. d4 e6 2. c4 Nf6 3. g3 d5 4. Bg2 Be7 5. Nf3 O-O 6. O-O b6 7. cxd5 Nxd5 8. e4
Nf6 9. Nc3 Bb7 10. Qc2 c5 11. Rd1 cxd4 12. Nxd4 Qc8 13. Bf4 Nc6 14. Ndb5 e5 15.
Bg5 Qb8 16. Bxf6 Bxf6 17. Nd5 Bd8 18. Rac1 a6 19. Nbc3 Nd4 20. Qd2 b5 21. Kh1
Ne6 22. h4 Bc6 23. b4 Nc7 24. Nxc7 Bxc7 25. Qe2 Qb7 26. Nd5 Bd8 27. Qb2 Re8 28.
Kh2 Bd7 29. Bh3 Bxh3 30. Kxh3 Qd7+ 31. Kg2 Qg4 32. f3 Qg6 33. Qf2 Rf8 34. Kh2
f5 35. Qg2 fxe4 36. fxe4 Kh8 37. Rf1 Bb6 38. Rxf8+ Rxf8 39. Rf1 Rxf1 40. Qxf1
h6 41. Qf5 Qd6 42. Kh3 Bd8 43. g4 Kg8 44. g5 g6 45. Qc8 hxg5 46. hxg5 Kf7 47.
Qb7+ Kg8 48. Qc8 Kf7 49. Qb7+ Kg8 1/2-1/2

[Event "2. Bundesliga Mitte 2016/2017"]
[Site "Leoben, Wolfsberg/Taufkirchen/Fuerstenfeld, Grieskirchen, St. Veit"]
[Date "2017.01.28"]
[Round "7"]
[Board "5"]
[White "Topf, Christian"]
[Black "Ebner, Hubert"]
[Result "0-1"]
[WhiteElo "1992"]
[BlackElo "2247"]
[PlyCount "72"]
[EventDate "2016.10.07"]
[EventType "team"]
[EventRounds "11"]
[EventCountry "AUT"]
[WhiteTeam "SV Gmunden"]
[BlackTeam "ESV Austria Graz"]

1. b3 e5 2. Bb2 Nc6 3. e3 Nf6 4. Nf3 e4 5. Nd4 Bc5 6. Nf5 O-O 7. Ng3 d5 8. d3
Re8 9. d4 Bf8 10. Be2 Ne7 11. c4 Ng6 12. Nc3 c6 13. h4 Bd6 14. Nh5 Nxh5 15.
Bxh5 Be6 16. cxd5 cxd5 17. g3 Rc8 18. Kf1 Qa5 19. Ne2 Rc6 20. a3 Rec8 21. b4
Qb5 22. Rc1 a5 23. Rxc6 Rxc6 24. Kg2 axb4 25. axb4 Qxb4 26. Bc1 b5 27. Nf4
Nxf4+ 28. gxf4 Qb1 29. Qf1 Rc2 30. Qd1 g6 31. Be2 b4 32. Bd2 Qxd1 33. Rxd1 b3
34. Kf1 b2 35. Ke1 Bb4 36. Bxb4 Rc1 0-1

[Event "2. Bundesliga Mitte 2016/2017"]
[Site "Leoben, Wolfsberg/Taufkirchen/Fuerstenfeld, Grieskirchen, St. Veit"]
[Date "2017.01.28"]
[Round "7"]
[Board "6"]
[White "Aschenbrenner, Robert"]
[Black "Holzleithner, Johannes"]
[Result "1-0"]
[WhiteElo "2201"]
[BlackElo "2006"]
[PlyCount "37"]
[EventDate "2016.10.07"]
[EventType "team"]
[EventRounds "11"]
[EventCountry "AUT"]
[WhiteTeam "ESV Austria Graz"]
[BlackTeam "SV Gmunden"]

1. Nf3 Nf6 2. c4 e6 3. g3 b6 4. Bg2 Bb7 5. O-O Be7 6. Nc3 O-O 7. d4 Ne4 8. Qc2
Nxc3 9. bxc3 Nc6 10. e4 Na5 11. Nd2 d6 12. Rd1 Rc8 13. c5 bxc5 14. Qa4 c6 15.
dxc5 d5 16. Ba3 Qc7 17. Bb4 Bd8 18. Rab1 Ba6 19. Nb3 1-0

[Event "2. Bundesliga Mitte 2016/2017"]
[Site "Leoben, Wolfsberg/Taufkirchen/Fuerstenfeld, Grieskirchen, St. Veit"]
[Date "2017.01.28"]
[Round "7"]
[Board "1"]
[White "Renner, Christoph"]
[Black "Weiss, Christian"]
[Result "1/2-1/2"]
[WhiteElo "2343"]
[BlackElo "2360"]
[PlyCount "92"]
[EventDate "2016.10.07"]
[EventType "team"]
[EventRounds "11"]
[EventCountry "AUT"]
[WhiteTeam "SPG Sauwald"]
[BlackTeam "Union Ansfelden"]

1. g3 e5 2. c4 Nf6 3. Bg2 d5 4. cxd5 Nxd5 5. Nc3 Nb6 6. Nf3 Nc6 7. O-O Be7 8.
d3 Be6 9. Be3 Nd5 10. Bd2 O-O 11. Ne4 f6 12. Rc1 Qd7 13. a3 a5 14. Nc5 Bxc5 15.
Rxc5 b6 16. Rc1 Na7 17. e4 Ne7 18. Be3 Nb5 19. d4 exd4 20. Nxd4 Nxd4 21. Qxd4
Qxd4 22. Bxd4 c5 23. Be3 Rad8 24. Rfd1 Nc6 25. f4 Bb3 26. Rxd8 Rxd8 27. Kf2 Kf7
28. g4 a4 29. h4 Na5 30. Bf1 Nb7 31. Bc4+ Bxc4 32. Rxc4 b5 33. Rc2 Nd6 34. Kf3
Nc4 35. Ke2 Re8 36. Kf3 h5 37. gxh5 f5 38. e5 Rh8 39. Rg2 Rxh5 40. Bxc5 Rxh4
41. Bd4 Rh3+ 42. Rg3 Rh2 43. Rg2 Rh3+ 44. Rg3 Rh2 45. Rg2 Rh3+ 46. Rg3 Rh2
 1/2-1/2

[Event "2. Bundesliga Mitte 2016/2017"]
[Site "Leoben, Wolfsberg/Taufkirchen/Fuerstenfeld, Grieskirchen, St. Veit"]
[Date "2017.01.28"]
[Round "7"]
[Board "3"]
[White "Hellmayr, Alois"]
[Black "Knoll, Hermann"]
[Result "0-1"]
[WhiteElo "2202"]
[BlackElo "2329"]
[PlyCount "128"]
[EventDate "2016.10.07"]
[EventType "team"]
[EventRounds "11"]
[EventCountry "AUT"]
[WhiteTeam "SPG Sauwald"]
[BlackTeam "Union Ansfelden"]

1. Nf3 Nf6 2. g3 g6 3. Bg2 Bg7 4. O-O O-O 5. d4 d6 6. a4 Nbd7 7. Nc3 e5 8. dxe5
dxe5 9. a5 a6 10. h3 h6 11. Be3 Ne8 12. Bc5 Nd6 13. Bxd6 cxd6 14. Qxd6 Nb8 15.
Qc5 Nc6 16. Rfd1 Qe7 17. Qb6 Be6 18. Rd2 Rac8 19. Ne1 f5 20. Nd5 Qf7 21. e3 g5
22. f4 e4 23. Rad1 Kh8 24. Bf1 Rg8 25. c4 Bf8 26. Kh2 gxf4 27. Nxf4 Bb4 28. Rc2
Bxa5 29. Qb3 Bc7 30. Rg2 Be5 31. Be2 Rc7 32. Bh5 Qf6 33. Qc2 Nb4 34. Qd2 Rxc4
35. Be2 Nd3 36. Nexd3 exd3 37. Qxd3 Rb4 38. Nxe6 Qxe6 39. Qd5 Qxd5 40. Rxd5
Bxg3+ 41. Rxg3 Rxb2 42. Rxg8+ Kxg8 43. Rd8+ Kf7 44. Kg3 Rxe2 45. Rd7+ Ke6 46.
Rxb7 Rxe3+ 47. Kf4 Re4+ 48. Kf3 Kf6 49. Rh7 Kg6 50. Ra7 Ra4 51. Ra8 a5 52. Rg8+
Kf6 53. Ra8 Ke5 54. Rh8 Ra3+ 55. Kg2 Kf4 56. Rxh6 Ra2+ 57. Kh1 Kg3 58. Rg6+
Kxh3 59. Kg1 a4 60. Kf1 a3 61. Ra6 f4 62. Ra8 Kg3 63. Ra7 Ra1+ 64. Ke2 f3+ 0-1

[Event "2. Bundesliga Mitte 2016/2017"]
[Site "Leoben, Wolfsberg/Taufkirchen/Fuerstenfeld, Grieskirchen, St. Veit"]
[Date "2017.01.28"]
[Round "7"]
[Board "4"]
[White "Moser, Guenter"]
[Black "Hiermann, Dietmar"]
[Result "1/2-1/2"]
[WhiteElo "2302"]
[BlackElo "2238"]
[PlyCount "51"]
[EventDate "2016.10.07"]
[EventType "team"]
[EventRounds "11"]
[EventCountry "AUT"]
[WhiteTeam "Union Ansfelden"]
[BlackTeam "SPG Sauwald"]

1. c4 Nf6 2. Nc3 d5 3. cxd5 Nxd5 4. g3 c6 5. Nf3 Nd7 6. Bg2 g6 7. Nxd5 cxd5 8.
Qb3 Qa5 9. O-O e6 10. d4 Qb4 11. Qc2 Bg7 12. Bd2 Qb6 13. Bc3 O-O 14. a4 a5 15.
Rfc1 Nb8 16. Qd2 Nc6 17. Bf1 Bd7 18. e3 Rfc8 19. Bb5 Bf8 20. Qe2 Qd8 21. Qf1
Rc7 22. Qd1 Rcc8 23. Qf1 Rc7 24. Qd1 Rcc8 25. Qf1 Rc7 26. Qd1 1/2-1/2

[Event "2. Bundesliga Mitte 2016/2017"]
[Site "Leoben, Wolfsberg/Taufkirchen/Fuerstenfeld, Grieskirchen, St. Veit"]
[Date "2017.01.28"]
[Round "7"]
[Board "5"]
[White "Taggatz, Mario"]
[Black "Mostbauer, Maximilian"]
[Result "1-0"]
[WhiteElo "2174"]
[BlackElo "2102"]
[PlyCount "59"]
[EventDate "2016.10.07"]
[EventType "team"]
[EventRounds "11"]
[EventCountry "AUT"]
[WhiteTeam "SPG Sauwald"]
[BlackTeam "Union Ansfelden"]

1. d4 Nf6 2. Bf4 g6 3. Nc3 d5 4. e3 Bg7 5. h4 c5 6. Nb5 Na6 7. a4 h5 8. Be2 O-O
9. Nf3 Bg4 10. Ne5 Bxe2 11. Qxe2 Nd7 12. g4 Nf6 13. Rg1 hxg4 14. Nxg4 Nh5 15.
Be5 f6 16. O-O-O Kh7 17. Rg2 fxe5 18. Nxe5 Bxe5 19. dxe5 e6 20. Rdg1 Qxh4 21.
f4 Rf5 22. Nd6 Nxf4 23. exf4 Qxf4+ 24. Kb1 Rxe5 25. Qb5 Re1+ 26. Rxe1 Qxd6 27.
Qxb7+ Nc7 28. Rh1+ Kg7 29. Rgh2 Kf6 30. Rh7 1-0

[Event "2. Bundesliga Mitte 2016/2017"]
[Site "Leoben, Wolfsberg/Taufkirchen/Fuerstenfeld, Grieskirchen, St. Veit"]
[Date "2017.01.28"]
[Round "7"]
[Board "6"]
[White "Mostbauer, Florian"]
[Black "Wisnet, Dominic"]
[Result "1-0"]
[WhiteElo "2283"]
[BlackElo "2278"]
[PlyCount "103"]
[EventDate "2016.10.07"]
[EventType "team"]
[EventRounds "11"]
[EventCountry "AUT"]
[WhiteTeam "Union Ansfelden"]
[BlackTeam "SPG Sauwald"]

1. c4 Nf6 2. g3 c5 3. Bg2 g6 4. Nc3 Bg7 5. e3 O-O 6. Nge2 d6 7. O-O Nc6 8. b3
Bf5 9. d4 Qc8 10. Bb2 cxd4 11. Nxd4 Bh3 12. Rc1 Bxg2 13. Kxg2 Nxd4 14. Qxd4
Qc6+ 15. f3 Nd7 16. Nd5 Bxd4 17. Nxe7+ Kg7 18. Bxd4+ f6 19. Nxc6 bxc6 20. Rfd1
Kf7 21. e4 Rfd8 22. Rd2 a5 23. Bb2 Ke6 24. Rcd1 Ne5 25. c5 d5 26. f4 Ng4 27.
Kf3 h5 28. exd5+ Rxd5 29. Rxd5 cxd5 30. h3 Nh6 31. Re1+ Kf7 32. g4 Ng8 33. c6
Rc8 34. Rc1 Rc7 35. Ba3 Ne7 36. Bxe7 Kxe7 37. Ke3 hxg4 38. hxg4 Kd8 39. Kd4 Re7
40. Kxd5 Re2 41. Kd6 Rxa2 42. Rh1 Rd2+ 43. Kc5 Rd3 44. b4 axb4 45. Kb6 Rc3 46.
c7+ Kd7 47. Rd1+ Ke6 48. Kb7 g5 49. fxg5 fxg5 50. c8=Q+ Rxc8 51. Kxc8 Ke5 52.
Rb1 1-0

[Event "2. Bundesliga Mitte 2016/2017"]
[Site "Leoben, Wolfsberg/Taufkirchen/Fuerstenfeld, Grieskirchen, St. Veit"]
[Date "2017.01.28"]
[Round "7"]
[Board "1"]
[White "Huber, Martin Christian"]
[Black "Haba, Petr"]
[Result "1/2-1/2"]
[WhiteElo "2412"]
[BlackElo "2457"]
[PlyCount "90"]
[EventDate "2016.10.07"]
[EventType "team"]
[EventRounds "11"]
[EventCountry "AUT"]
[WhiteTeam "Schachfreunde Graz"]
[BlackTeam "Spg. Grieskirchen/Schallerbach"]

1. d4 d5 2. c4 c6 3. e3 Nf6 4. Nc3 e6 5. Nf3 Nbd7 6. Qc2 Bd6 7. Bd3 O-O 8. O-O
dxc4 9. Bxc4 b5 10. Be2 Bb7 11. e4 e5 12. dxe5 Nxe5 13. Nd4 Neg4 14. g3 g6 15.
Nb3 a5 16. h3 Ne5 17. Be3 a4 18. Nd2 Qe7 19. Kh2 Ned7 20. Bg5 a3 21. f4 axb2
22. Qxb2 b4 23. Nd1 c5 24. Bf3 Ne5 25. Bg2 Nfg4+ 26. Kg1 f6 27. fxe5 Bxe5 28.
Qb3+ Kh8 29. Rc1 Bd4+ 30. Kh1 fxg5 31. hxg4 Rxf1+ 32. Nxf1 Bxe4 33. Qc4 Bxg2+
34. Kxg2 Qe4+ 35. Kh2 Qxg4 36. Nde3 Qf3 37. Qe6 Qe2+ 38. Kh3 Qh5+ 39. Kg2 Qe2+
40. Kh3 Qxa2 41. Nd5 Qa6 42. Nc7 Qxe6+ 43. Nxe6 b3 44. Rb1 Rb8 45. Kg4 h6
 1/2-1/2

[Event "2. Bundesliga Mitte 2016/2017"]
[Site "Leoben, Wolfsberg/Taufkirchen/Fuerstenfeld, Grieskirchen, St. Veit"]
[Date "2017.01.28"]
[Round "7"]
[Board "2"]
[White "Kilgus, Georg"]
[Black "Schnider, Gert"]
[Result "0-1"]
[WhiteElo "2391"]
[BlackElo "2404"]
[PlyCount "58"]
[EventDate "2016.10.07"]
[EventType "team"]
[EventRounds "11"]
[EventCountry "AUT"]
[WhiteTeam "Spg. Grieskirchen/Schallerbach"]
[BlackTeam "Schachfreunde Graz"]

1. e4 e5 2. Nf3 Nc6 3. d4 exd4 4. Nxd4 Nf6 5. Nxc6 bxc6 6. e5 Qe7 7. Qe2 Nd5 8.
c4 Ba6 9. b3 Qh4 10. Bb2 Bb4+ 11. Kd1 Nf4 12. Qe3 Qh5+ 13. f3 Ne6 14. h4 Bc5
15. Qd2 f6 16. exf6 gxf6 17. Nc3 d5 18. Qe1 Qf5 19. cxd5 Bxf1 20. Qxf1 O-O-O
21. Qe2 Rhe8 22. Qe4 Qh5 23. Qg4 Qxg4 24. fxg4 Nf4 25. Rf1 Nxg2 26. Rxf6 Ne3+
27. Kc1 cxd5 28. g5 d4 29. Na4 Bb4 0-1

[Event "2. Bundesliga Mitte 2016/2017"]
[Site "Leoben, Wolfsberg/Taufkirchen/Fuerstenfeld, Grieskirchen, St. Veit"]
[Date "2017.01.28"]
[Round "7"]
[Board "3"]
[White "Kravanja, Georg"]
[Black "Schwabeneder, Florian"]
[Result "1/2-1/2"]
[WhiteElo "2246"]
[BlackElo "2362"]
[PlyCount "164"]
[EventDate "2016.10.07"]
[EventType "team"]
[EventRounds "11"]
[EventCountry "AUT"]
[WhiteTeam "Schachfreunde Graz"]
[BlackTeam "Spg. Grieskirchen/Schallerbach"]

1. d4 Nf6 2. c4 e6 3. Nc3 Bb4 4. e3 b6 5. Nge2 Ba6 6. a3 Bxc3+ 7. Nxc3 d5 8.
Qf3 c5 9. cxd5 exd5 10. Bxa6 Nxa6 11. O-O Nc7 12. Rd1 Qe7 13. Bd2 O-O 14. Rac1
c4 15. Ne2 Rfe8 16. Ng3 g6 17. Bb4 Qe6 18. a4 Rac8 19. Re1 a6 20. Ne2 Ne4 21.
Nc3 Qd7 22. Qd1 f5 23. Qc2 Nxc3 24. bxc3 Re6 25. f3 Rce8 26. Kf2 Qd8 27. g3 Qg5
28. h4 Qf6 29. Qd2 Kg7 30. Kg2 h6 31. Ba3 Qf7 32. Rcd1 g5 33. hxg5 hxg5 34. Bc1
Rh8 35. Rh1 Reh6 36. e4 dxe4 37. Qxg5+ Rg6 38. Qf4 Ne6 39. Qe5+ Qf6 40. Qxf6+
Rxf6 41. Rxh8 exf3+ 42. Kxf3 Kxh8 43. d5 Nf8 44. Be3 Kg8 45. Bd4 Rg6 46. Kf4
Kf7 47. Rb1 Nd7 48. Rh1 Rd6 49. Kxf5 Rxd5+ 50. Ke4 Rd6 51. Rh5 Rg6 52. Rh7+ Ke6
53. Kf4 Nf6 54. Ra7 Nh5+ 55. Kf3 Rxg3+ 56. Kf2 a5 57. Rb7 Kd5 58. Rxb6 Rh3 59.
Rb5+ Ke4 60. Re5+ Kd3 61. Rxa5 Nf4 62. Be5 Rh5 63. Rb5 Ng6 64. Bd4 Rh2+ 65. Kg3
Ra2 66. a5 Ne7 67. Rc5 Ng6 68. Kg4 Rg2+ 69. Kf5 Nh4+ 70. Ke6 Nf3 71. Bf6 Ra2
72. Rd5+ Kc2 73. Kd6 Nd2 74. Kc6 Ne4 75. Rf5 Ra3 76. Bd4 Nxc3 77. Bxc3 Rxc3 78.
a6 Ra3 79. Kb6 c3 80. Ra5 Rxa5 81. Kxa5 Kd1 82. a7 c2 1/2-1/2

[Event "2. Bundesliga Mitte 2016/2017"]
[Site "Leoben, Wolfsberg/Taufkirchen/Fuerstenfeld, Grieskirchen, St. Veit"]
[Date "2017.01.28"]
[Round "7"]
[Board "4"]
[White "Singer, Christoph"]
[Black "Domarkaite, Laima"]
[Result "1-0"]
[WhiteElo "2333"]
[BlackElo "2123"]
[PlyCount "117"]
[EventDate "2016.10.07"]
[EventType "team"]
[EventRounds "11"]
[EventCountry "AUT"]
[WhiteTeam "Spg. Grieskirchen/Schallerbach"]
[BlackTeam "Schachfreunde Graz"]

1. e4 c5 2. Nf3 d6 3. d4 cxd4 4. Qxd4 a6 5. Be2 Nc6 6. Qe3 Nf6 7. c4 e6 8. O-O
Qc7 9. Nc3 b6 10. Rb1 Be7 11. b3 Bb7 12. Ba3 Rc8 13. Rbc1 Nb8 14. Nd4 Nbd7 15.
Bd3 O-O 16. Bb1 Rfe8 17. Rfd1 Qb8 18. Qg3 Nc5 19. f3 g6 20. Bb2 Qa8 21. Rc2
Rcd8 22. Rcd2 Rc8 23. Nde2 Nh5 24. Qf2 Red8 25. Qe3 Bf8 26. Qg5 Re8 27. Qe3 Qb8
28. Qd4 e5 29. Qe3 Ne6 30. g3 Nf6 31. Kg2 Bc6 32. Ba3 Nc5 33. Qg5 Kg7 34. h4 b5
35. cxb5 axb5 36. Bb2 b4 37. Nd5 Nxd5 38. exd5 h6 39. Qe3 Bd7 40. f4 Kg8 41.
fxe5 dxe5 42. d6 Bc6+ 43. Kh2 Nd7 44. Rf1 Re6 45. h5 Bg7 46. hxg6 fxg6 47. Nf4
Rf8 48. Rfd1 Ref6 49. Nxg6 Rxg6 50. Bxg6 Rf3 51. Qe2 Qf8 52. Qc4+ Kh8 53. Qxc6
Rxg3 54. Kxg3 Qf4+ 55. Kh3 Qe3+ 56. Kh2 Qf4+ 57. Kh1 Qg4 58. Qc8+ Bf8 59. Bxe5+
 1-0

[Event "2. Bundesliga Mitte 2016/2017"]
[Site "Leoben, Wolfsberg/Taufkirchen/Fuerstenfeld, Grieskirchen, St. Veit"]
[Date "2017.01.28"]
[Round "7"]
[Board "5"]
[White "Teuschler, Barbara"]
[Black "Lentrodt, Thomas"]
[Result "1-0"]
[WhiteElo "2212"]
[BlackElo "2232"]
[PlyCount "29"]
[EventDate "2016.10.07"]
[EventType "team"]
[EventRounds "11"]
[EventCountry "AUT"]
[WhiteTeam "Schachfreunde Graz"]
[BlackTeam "Spg. Grieskirchen/Schallerbach"]

1. e4 e6 2. d4 d5 3. Nc3 Nf6 4. e5 Nfd7 5. f4 c5 6. Nf3 Be7 7. Be2 Nc6 8. Be3
b6 9. Qd2 f6 10. Bb5 Nxd4 11. Bxd4 cxd4 12. Nxd4 Bb4 13. Nxe6 Qe7 14. Qxd5 Rb8
15. O-O-O 1-0

[Event "2. Bundesliga Mitte 2016/2017"]
[Site "Leoben, Wolfsberg/Taufkirchen/Fuerstenfeld, Grieskirchen, St. Veit"]
[Date "2017.01.28"]
[Round "7"]
[Board "6"]
[White "Obermayr, Hermann"]
[Black "Khalakhan, Jurij"]
[Result "1-0"]
[WhiteElo "2179"]
[BlackElo "2254"]
[PlyCount "93"]
[EventDate "2016.10.07"]
[EventType "team"]
[EventRounds "11"]
[EventCountry "AUT"]
[WhiteTeam "Spg. Grieskirchen/Schallerbach"]
[BlackTeam "Schachfreunde Graz"]

1. d4 Nf6 2. Nf3 g6 3. Bf4 Bg7 4. e3 O-O 5. Be2 d6 6. h3 c5 7. c3 b6 8. O-O Bb7
9. Nbd2 Nbd7 10. Bh2 a6 11. a4 Ra7 12. Qb3 Qa8 13. Rfd1 Bc6 14. Qa2 a5 15. Rac1
cxd4 16. exd4 Bh6 17. Ra1 Nd5 18. Bc4 Bf4 19. Nf1 Bxh2+ 20. Kxh2 N7f6 21. N1d2
e6 22. Re1 Kh8 23. Rac1 Rg8 24. Qa3 Rd7 25. Bb5 g5 26. Bxc6 Qxc6 27. c4 Nb4 28.
d5 exd5 29. Qc3 Rg6 30. Re8+ Kg7 31. Nd4 Nxe8 32. Nxc6+ Nf6 33. Nxb4 axb4 34.
Qxb4 g4 35. cxd5 Re7 36. Qd4 Re5 37. Nf1 Rxd5 38. Qxb6 gxh3 39. gxh3 Ne4 40.
Qe3 Re6 41. Ng3 Ng5 42. Qc3+ Kg6 43. h4 Ne4 44. Nxe4 Rxe4 45. Rg1+ Kf5 46. Rg5+
Ke6 47. Qc8+ 1-0